Foundations of education /

Motivation, status, and preparation of the teacher. The teaching profession. World roots of American education. Pioneers in education. Historical development of American education. Governing and administering public education. Financing public education. Legal aspects of education...

Kaydedildi:
Detaylı Bibliyografya
Yazar: Ornstein, Allan C.
Diğer Yazarlar: Levine, Daniel U.
Materyal Türü: Kitap
Dil:English
Baskı/Yayın Bilgisi: Boston : Houghton Mifflin, 2000.
Edisyon:7th ed.
Konular:
Etiketler: Etiketle
Etiket eklenmemiş, İlk siz ekleyin!
Thư viện lưu trữ: Mạng thư viện Đại học Đà Nẵng
LEADER 01355cam a2200397 i 4500
001 000047625
003 7315
005 20030313084800.0
008 010319|2000 vm 000 eng
020 |a 0395955769 
040 |a IRC  |c IRC  |d IRC 
041 0 |a eng 
082 1 4 |a 370.7  |b OR-A 
100 1 |a Ornstein, Allan C. 
245 0 0 |a Foundations of education /  |c Allan Ornstein, Daniel U. Levine. 
250 |a 7th ed. 
260 |a Boston :  |b Houghton Mifflin,  |c 2000. 
300 |a xvii, 561, [26] p. :  |b ill. ;  |c 26cm. 
520 3 |a Motivation, status, and preparation of the teacher. The teaching profession. World roots of American education. Pioneers in education. Historical development of American education. Governing and administering public education. Financing public education. Legal aspects of education... 
630 0 4 |a Education. 
630 0 4 |a United States. 
650 0 4 |a Education  |x Study and teaching  |z United States. 
650 0 4 |a Education  |x History. 
650 0 4 |a Education  |z United States  |x History. 
650 0 4 |a Teaching  |v Handbooks, manuals, etc. 
700 1 |a Levine, Daniel U. 
OWN |a DUT 
999 |a From the UDN01 
TYP |a Monograph 
TYP |a Printed language 
980 |a Mạng thư viện Đại học Đà Nẵng